000 01296nam a22003617a 4500
003 CHAP
005 20220329134253.0
008 971013s1988 r 00010 d
010 _a17906
011 _a18878
035 _a22963
040 _cCHAP
090 _aTesis
100 0 0 _aJuárez Baldelamar, Carlos.
_962380
245 _aAnálisis del incremento periódico de Caoba (Swietenia macropylla King) y cedro (Cedrela adorata L.) en el relicto de selva en el estado de Campeche
260 _aChapingo, Méx., :
_bEl autor,
_c1988
300 _a87 h.
_b: ilus
502 _aTesis (Ing. Agr. Esp. en Bosques) -- UACH. División de Ciencias Forestales
590 _aALEPH
_b10
_c20130110
_lUCH01
_h1241
590 _aBATCH-UPD
_b10
_c20130110
_lUCH01
_h0140
590 _aBATCH-UPD
_b10
_c20130110
_lUCH01
_h1316
590 _aBATCH-UPD
_b10
_c20130409
_lUCH01
_h2138
590 _aBATCH-UPD
_b10
_c20130914
_lUCH01
_h0834
590 _aCONVERSION
_b10
_c20130109
_lUCH01
_h1311
650 1 4 _aCaoba
_xCampeche.
_918560
650 1 4 _aCaoba
_xCrecimiento.
_918562
650 1 4 _aCedro
_xCampeche.
_920858
650 1 4 _aCedro
_xCrecimiento.
_920861
901 _aBK
942 _cFOLL
949 _bBC
_cTES
_d-53568
_eTS1
_h21153
_i22963
_si
949 _bBC
_cTES
_d33724000789822
_eTS2
_fc.2
_h21154
_i22963
_si
999 _c17906
_d17906